<?xml version="1.0" encoding="UTF-8"?><?xml-stylesheet type="text/xsl" href="static/style.xsl"?><OAI-PMH xmlns="http://www.openarchives.org/OAI/2.0/" xmlns:xsi="http://www.w3.org/2001/XMLSchema-instance" xsi:schemaLocation="http://www.openarchives.org/OAI/2.0/ http://www.openarchives.org/OAI/2.0/OAI-PMH.xsd"><responseDate>2026-06-03T03:09:10Z</responseDate><request verb="GetRecord" identifier="oai:riuma.uma.es:10630/27416" metadataPrefix="marc">https://riuma.uma.es/rest/oai/request</request><GetRecord><record><header><identifier>oai:riuma.uma.es:10630/27416</identifier><datestamp>2026-02-03T12:01:09Z</datestamp><setSpec>com_10630_2254</setSpec><setSpec>col_10630_37959</setSpec></header><metadata><record xmlns="http://www.loc.gov/MARC21/slim" xmlns:dcterms="http://purl.org/dc/terms/" xmlns:doc="http://www.lyncode.com/xoai" xmlns:xsi="http://www.w3.org/2001/XMLSchema-instance" xsi:schemaLocation="http://www.loc.gov/MARC21/slim http://www.loc.gov/standards/marcxml/schema/MARC21slim.xsd">
   <leader>00925njm 22002777a 4500</leader>
   <datafield ind2=" " ind1=" " tag="042">
      <subfield code="a">dc</subfield>
   </datafield>
   <datafield ind2=" " ind1=" " tag="720">
      <subfield code="a">Melgar-Locatelli, Sonia</subfield>
      <subfield code="e">author</subfield>
   </datafield>
   <datafield ind2=" " ind1=" " tag="720">
      <subfield code="a">Mañas-Padilla, María del Carmen</subfield>
      <subfield code="e">author</subfield>
   </datafield>
   <datafield ind2=" " ind1=" " tag="720">
      <subfield code="a">Castro-Zavala, Adriana</subfield>
      <subfield code="e">author</subfield>
   </datafield>
   <datafield ind2=" " ind1=" " tag="720">
      <subfield code="a">Razola-Díaz, María del Carmen</subfield>
      <subfield code="e">author</subfield>
   </datafield>
   <datafield ind2=" " ind1=" " tag="720">
      <subfield code="a">Palma-Morales, Marta</subfield>
      <subfield code="e">author</subfield>
   </datafield>
   <datafield ind2=" " ind1=" " tag="720">
      <subfield code="a">Rivera-González, Patricia</subfield>
      <subfield code="e">author</subfield>
   </datafield>
   <datafield ind2=" " ind1=" " tag="720">
      <subfield code="a">Rodríguez-Pérez, Celia</subfield>
      <subfield code="e">author</subfield>
   </datafield>
   <datafield ind2=" " ind1=" " tag="720">
      <subfield code="a">Castilla-Ortega, María Estela</subfield>
      <subfield code="e">author</subfield>
   </datafield>
   <datafield ind2=" " ind1=" " tag="260">
      <subfield code="c">2023</subfield>
   </datafield>
   <datafield ind2=" " ind1=" " tag="520">
      <subfield code="a">Cocoa consumption has long been associated with numerous health benefits due to its rich composition of minerals, fiber, methylxanthines, and polyphenols, particularly flavanols. However, the cognitive effects of cocoa have been scarcely investigated. To further explore the impact of cocoa on cognitive function and emotional behavior, a study was conducted using young adult male and female C57BL/6J mice. The mice were fed a standard diet, a high-polyphenol content cocoa (HPC) diet, or a low-polyphenol content cocoa (LPC) diet for four weeks. A battery of behavioral tests was performed to assess exploratory and emotional behavior and hippocampal-dependent memory. Additionally, adult hippocampal neurogenesis was also evaluated. The results indicated that cocoa-enriched diets did not have a substantial impact on general exploratory activity or anxiety-like behavior. However, the LPC diet led to decreased locomotor activity. The HPC diet improved object recognition memory, while all groups performed similarly in the place memory test. In the forced swimming test, both cocoa-enriched diets increased immobility behavior. Cocoa did not affect spatial memory in the water maze. Moreover, the HPC diet enhanced adult hippocampal neurogenesis. Sex differences did not significantly influence the observed effects. In conclusion, cocoa-enriched diets, particularly the HPC diet, have the potential to improve object memory and promote adult hippocampal neurogenesis in mice. The specific differences observed between the HPC and LPC diets are likely attributed to differing polyphenol compositions. These findings contribute to our understanding of the potential cognitive and neurogenic benefits associated with cocoa consumption. Project PID2020-114374RB-I00 funded by MCIN/AEI/10.13039/501100011033/ and Junta de Andalucía-Consejería de Universidad, Investigación e Innovación—Proyect P21_00777. University of Malaga. University of Malaga.</subfield>
   </datafield>
   <datafield ind1="8" ind2=" " tag="024">
      <subfield code="a">https://hdl.handle.net/10630/27416</subfield>
   </datafield>
   <datafield tag="653" ind2=" " ind1=" ">
      <subfield code="a">Cacao - Efectos fisiológicos</subfield>
   </datafield>
   <datafield tag="653" ind2=" " ind1=" ">
      <subfield code="a">Cerebro - Efectos del cacao</subfield>
   </datafield>
   <datafield ind2="0" ind1="0" tag="245">
      <subfield code="a">Impact of a cocoa-based diet rich in polyphenols on cognitive function, emotional behavior, and adult hippocampal neurogenesis in mice.</subfield>
   </datafield>
</record>
</metadata></record></GetRecord></OAI-PMH>